Inventors by inventions - Statistics

General Stats
  • This quiz has been taken 147 times
  • The average score is 7 of 15
Answer Stats
Invention Inventor % Correct
Light bulb Thomas Edison
95%
Phone Alexander Graham Bell
69%
Nuclear Bomb Robert Oppenheimer
69%
Printing Press Johannes Gutenberg
63%
Lightning rod Benjamin Franklin
61%
Telescope Galileo Galilei
59%
Plane The Wright Brothers
52%
Radio Nikola Tesla
42%
Automobile Karl Benz
37%
X-rays Wilhelm Röntgen
30%
Vaccination Edward Jenner
25%
Computer Charles Babbage
23%
Parachute Leonardo da Vinci
20%
Television Philo Farnsworth
10%
Microwave Percy Spencer
9%
No matching quizzes found
Score Distribution
Percent of People with Each Score
Percentile by Number Answered
Your Score History
You have not taken this quiz